000 00734nam0a22002411 4500
001 rc\1181663
005 20250622212118.0
035 _a(NLR Aleph) 006423778
090 _a5476403
_c5476403
100 _a20041129d1980 |||y0rusy50 ca
101 0 _arus
102 _aRU
105 _ay |||||||||
200 1 _aКандидаты
_eПьеса в 2 д.
_fОтв. ред. Т. Агапова
210 _aМ.
_cВААП-Информ
_d1980
215 _a83 л.
_d29
700 1 _aКошурникова
_bР.В.
_gРимма Викентьевна
701 1 _aФедотов
_bС.П.
_gСтанислав Петрович
801 0 _aRU
_bNLR
_gpsbo
801 1 _aRU
_bELAR
_2rusmarc
852 _aNLR
_j81-8/602
942 _cBOOK
980 _aNB